Dzielnice Wrocławia z mapą - Statystyki

Ogólne statystyki
  • Ten quiz został rozwiązany 4 062 razy
  • Średni wynik to 3 z 5
Odpowiedzi na mapie
Odpowiedzi zakodowano w zielono-czerwonej skali na mapie do tego quizu, zgodnie z poniższymi procentami.
 
Statystyki odpowiedzi
Dzielnica % Poprawnych
Psie Pole
76%
Śródmieście
75%
Stare Miasto
69%
Krzyki
66%
Fabryczna
48%
Nie znaleziono quizów pasujących do podanych kryteriów
Rozkład punktacji
Procent ludzi z każdym wynikiem
Percentyl według liczby udzielonych odpowiedzi
Twoja historia wyników
Nie rozwiązałeś tego quizu